Unveiling India / (Record no. 72)
[ view plain ]
| 000 -LEADER | |
|---|---|
| fixed length control field | 00490cam a2200181 a 4500 |
| 001 - CONTROL NUMBER | |
| control field | 1977149 |
| 005 - DATE AND TIME OF LATEST TRANSACTION | |
| control field | 20231124024311.0 |
| 008 - FIXED-LENGTH DATA ELEMENTS--GENERAL INFORMATION | |
| fixed length control field | 880616s1987 ii 000 0 eng |
| 020 ## - INTERNATIONAL STANDARD BOOK NUMBER | |
| ISBN | 0140103449 : |
| 040 ## - CATALOGING SOURCE (பட்டியலாக்க மூலம்) | |
| Original cataloging agency | DLC |
| Transcribing agency | DLC |
| Modifying agency | DLC |
| 082 00 - DDC Classification | |
| Class No. | 305.4/0954 |
| DDC Edition Number | 20 |
| Item Number - Author Mark | ANE. |
| 100 1# - MAIN ENTRY--PERSONAL NAME | |
| Personal name | Jung, Anees. |
| 245 10 - TITLE STATEMENT | |
| Title | Unveiling India / |
| Statement of responsibility, etc. | Anees Jung. |
| 260 ## - PUBLICATION, DISTRIBUTION, ETC. | |
| Place of publication, distribution, etc. | New Delhi, India : |
| Name of publisher, distributor, etc. | Penguin Books ; |
| Place of publication, distribution, etc. | New York, N.Y., U.S.A. : |
| Name of publisher, distributor, etc. | Viking Penguin, |
| Date of publication, distribution, etc. | 1987. |
| 300 ## - PHYSICAL DESCRIPTION | |
| Extent (e.g. Volumes, Pages etc.) | 126 p . |
| 650 #0 - SUBJECT ADDED ENTRY--TOPICAL TERM | |
| Topical term or geographic name entry element | Women |
| 942 ## - Koha item type (Biblio) | |
| Koha item type | Books in Stacks (Lending) |
| Lost status | Damaged status | Collection code | Home library | Current library | Date acquired | Full call number | Accession Number | Item type |
|---|---|---|---|---|---|---|---|---|
| Lending | WERC Library | WERC Library | 11/24/2023 | 305.4/0954 ANE. | 585 | Books in Stacks (Lending) |
